Una biografía de la lluvia : y otros ensayos sobre lo difuso /

Este nuevo libro de Santiago Kovadloff reúne la autobiografía, el ensayo, la poesía, el relato, la filosofía y la crónica. Como en Ensayos de intimidad, el autor vuelve a incursionar aquí en temas de la esfera de lo privado, lo impreciso, lo incógnito que habita en las personas, y lo hace con la int...

Descripción completa

Guardado en:
Autor Principal: Kovadloff, Santiago
Formato: Libro
Publicado: Argentina : Emecé, 2004.
Materias:
Etiquetas: Agregar Etiqueta
Sin Etiquetas, Sea el primero en etiquetar este registro!
LEADER 00981nam a22001935a 4500
001 CEM.cems020068
008 230508s2004##################000#0#####d
005 20230508094613.0
245 1 0 |a Una biografía de la lluvia :  |b y otros ensayos sobre lo difuso /  |c Santiago Kovadloff. 
260 |a Argentina :  |b Emecé,  |c 2004. 
300 |a 232 p. 
520 |a Este nuevo libro de Santiago Kovadloff reúne la autobiografía, el ensayo, la poesía, el relato, la filosofía y la crónica. Como en Ensayos de intimidad, el autor vuelve a incursionar aquí en temas de la esfera de lo privado, lo impreciso, lo incógnito que habita en las personas, y lo hace con la intensidad y la elegancia de escritura y pensamiento que le han ganado el favor de los lectores 
100 1 |a Kovadloff, Santiago 
082 0 4 |a A864.4 
653 |a Ensayo argentino 
653 |a Literatura 
653 |a Literatura argentina 
653 |a Biografía 
859 |a CEMS  |b BIB. CEMS - 11 de abril  |h A864.4  |i K849-1  |p 29430.23  |t Ej.1